Sports Quiz

Random Sports or Baseball Quiz

You're Not on the Team! Quiz Stats

 Plays Quiz Updated Jun 21, 2017

Support Sporcle.
Go Orange.
Score 0/30 Timer 07:00
0 Plays Today
Question Answer Wrong Answers
Blue Jays Albert Pujols
86.9%
Roberto Alomar
2.4%
Carlos Delgado
2.2%
Jose Bautista
1.9%
Twins Ichiro Suzuki
86.3%
Rod Carew
2.4%
Kirby Puckett
2.1%
Bert Blyleven
2.4%
Yankees Roy Campanella
85.9%
Reggie Jackson
4.3%
Babe Ruth
1.4%
Lou Gehrig
1.7%
Astros Chipper Jones
85.7%
Jeff Bagwell
2.4%
Craig Biggio
2.5%
Lance Berkman
2.7%
Red Sox Rollie Fingers
85.6%
Ted Williams
2.3%
Pedro Martinez
2.1%
Carl Yastrzemski
3.2%
Mets Mickey Mantle
84.2%
Tom Seaver
2.2%
Mike Piazza
2.1%
Gil Hodges
4.7%
Rangers Bret Saberhagen
83.9%
Alex Rodriguez
4.5%
Josh Hamilton
2.4%
Nolan Ryan
2.5%
Orioles Jeff Bagwell
83.5%
Cal Ripken, Jr.
2.1%
Eddie Murray
4.3%
Brooks Robinson
3.3%
Reds Jack Morris
83.2%
Pete Rose
1.9%
Johnny Bench
3.4%
Barry Larkin
4.8%
Mariners Nomar Garciaparra
82.8%
Ken Griffey, Jr.
2.3%
Edgar Martinez
3.2%
Randy Johnson
5%
Athletics Ivan Rodriguez
82.6%
Catfish Hunter
5.3%
Dennis Eckersley
2.9%
Rickey Henderson
2.3%
Nationals Justin Verlander
82%
Bryce Harper
2.1%
Livan Hernandez
6.7%
Ryan Zimmerman
2.5%
Diamondbacks Roger Clemens
81.9%
Randy Johnson
2.3%
Luis Gonzalez
3.6%
Curt Schilling
5.4%
Phillies Johnny Damon
81.5%
Mike Schmidt
2.5%
Steve Carlton
3.2%
Jim Bunning
6%
Dodgers Tom Glavine
80%
Sandy Koufax
2.5%
Don Sutton
5.3%
Roy Campanella
5.5%
Rockies Bernie Williams
79.2%
Andres Galarraga
5.3%
Dante Bichette
4.9%
Larry Walker
3.8%
Cubs Harmon Killebrew
78.6%
Ryne Sandberg
3.2%
Ernie Banks
3%
Ron Santo
8.3%
Rays Ryan Braun
78.6%
Wade Boggs
9.1%
Evan Longoria
2.2%
David Price
3.3%
Braves Phil Rizzuto
78.4%
Hank Aaron
3.5%
Greg Maddux
2.8%
Phil Niekro
8.6%
Angels Jason Giambi
76.2%
Jim Fregosi
10.3%
Mike Trout
2.4%
Vladimir Guerrero
4.3%
Brewers Dave Winfield
76.1%
Paul Molitor
8.1%
Prince Fielder
4.2%
Robin Yount
4.8%
White Sox Ryne Sandberg
75.1%
Frank Thomas
2.4%
Carlton Fisk
9%
Luis Aparicio
6.6%
Pirates Jim Palmer
75%
Honus Wagner
6.7%
Ralph Kiner
8.9%
Roberto Clemente
2.6%
Tigers Satchel Paige
74.7%
Ty Cobb
6.2%
Hank Greenberg
7.5%
Al Kaline
4.9%
Indians Barry Larkin
73.7%
Tris Speaker
10.8%
Bob Feller
5.3%
Jim Thome
3.4%
Royals Andre Dawson
73.4%
George Brett
2.3%
Bo Jackson
5.2%
Dan Quisenberry
12.4%
Giants Hideo Nomo
69.4%
Gaylord Perry
12.6%
Willie Mays
3%
Mel Ott
8.3%
Cardinals Jimmie Foxx
68.4%
Ozzie Smith
3.1%
Mark McGwire
2.8%
Dizzy Dean
19%
Marlins Tino Martinez
65.4%
Luis Castillo
8.3%
Gary Sheffield
10%
Miguel Cabrera
9.5%
Padres Kenny Lofton
58.2%
Rickey Henderson
28.6%
Tony Gwynn
2.6%
Trevor Hoffman
4.1%

You're not logged in!

Compare scores with friends on all Sporcle quizzes.
OR
Log In
Forgot?

From the Vault

Which Logo Is NHL? (Blitz)

by lolshortee

When in doubt, click a hockey stick.
Remove Ads.
Support Sporcle.
Get the best of Sporcle when you Go Orange. This ad-free experience offers more features, more stats, and more fun while also helping to support Sporcle. Thank you for becoming a member.

Show Comments

Extras

Top Quizzes Today


Score Distribution

Your Account Isn't Verified!

In order to create a playlist on Sporcle, you need to verify the email address you used during registration. Go to your Sporcle Settings to finish the process.

Report this User

Report this user for behavior that violates our Community Guidelines.

Details: